书目信息 |
| 题名: |
无线电电工基础
|
|
| 作者: | 林正豹 , 王明臣 , 刘学达 编 | |
| 分册: | ||
| 出版信息: | 北京 科学技术文献出版社 1986 |
|
| 页数: | 319页 | |
| 开本: | 26cm | |
| 丛书名: | 电子技术类职业教育丛书 | |
| 单 册: | ||
| 中图分类: | TN014 , TM1 | |
| 科图分类: | ||
| 主题词: | 无线电技术 , 电工--理论 | |
| 电子资源: | ||
| ISBN: | ||
| 000 | 00847nam2 2200313 45 | |
| 001 | 0186014276 | |
| 005 | 20040629150856.9 | |
| 010 | @dCNY4.20 | |
| 091 | @a15176.700 | |
| 100 | @a19901014d1986 em y0chiy0121 ea | |
| 101 | 0 | @achi |
| 102 | @aCN@b110000 | |
| 105 | @ay z 000yy | |
| 106 | @ar | |
| 200 | 10 | @a无线电电工基础@Awu xian dian dian gong ji chu@f林正豹等编 |
| 210 | @a北京@c科学技术文献出版社@d1986 | |
| 215 | @a319页@d26cm | |
| 225 | 2 | @a电子技术类职业教育丛书@v2 |
| 410 | 0 | @120010@a电子技术类职业教育丛书 |
| 606 | @a无线电技术 | |
| 606 | 0 | @a电工@x理论 |
| 690 | @aTN014@v3 | |
| 690 | @aTM1 | |
| 701 | 0 | @a林正豹@Alin zheng bao@4编 |
| 701 | 0 | @a王明臣@Awang ming chen@4编 |
| 701 | 0 | @a刘学达@Aliu xue da@4编 |
| 801 | 0 | @aCN@b深圳图书馆@c20040629 |
| 801 | 2 | @aCN@bNLC@c20040629 |
| 905 | @f1@b166642@dTM1@e7 | |
| 无线电电工基础/林正豹等编.-北京:科学技术文献出版社,1986 |
| 319页;26cm.-(电子技术类职业教育丛书;2) |
| ISBN :CNY4.20 |
| ● |
| 相关链接 |
|
|
|
|
正题名:无线电电工基础
索取号:TM1/7
 
预约/预借
| 序号 | 登录号 | 条形码 | 馆藏地/架位号 | 状态 | 备注 |
| 1 | 0166642 | 001931495 | 第三借阅区/ [索取号:TM1/7] | 在馆 | |
| 2 | 0166643 | 000799755 | 第二样本阅览室/ [索取号:TM1/7] | 在馆 |